000 00560nam a2200181Ia 4500
008 151018s9999 xx 000 0 und d
082 _bRBASDV21436
_a920
100 _aशिरीष पै
245 _aवडिलांच्या सेवेसी
250 _b2
260 _bडिंपल
_c1988
300 _a201
600 _aशिरीष पै
630 _aवडिलांच्या सेवेसी
700 _aशिरीष पै
730 _aवडिलांच्या सेवेसी
942 _cBOOK
999 _c1021117
_d1021114